Principles of economics / (Record no. 1923)

MARC details
000 -LEADER
fixed length control field 02004cam a22001694a 4500
020 ## - INTERNATIONAL STANDARD BOOK NUMBER
ISBN 0072289627
050 00 - CALL NUMBER
Classification number HB171.5
Item number .F734
100 1# - AUTHOR
Personal name Frank, Robert H.
245 10 - TITLE
Title Principles of economics /
Statement of responsibility, etc Robert H. Frank, Ben S. Bernanke.
260 ## - PUBLICATION INFORMATION
Place of publication Boston, Mass. :
Name of publisher McGraw-Hill/Irwin,
Year of publication 2001.
300 ## - DESCRIPTION
Number of Pages xl, 834, G-9, I-22 p. :
Other physical details ill. (some col.) ;
Dimensions 29 cm.
500 ## - NOTES
General note Includes index.
505 ## - FORMATTED CONTENTS NOTE
Table of Content Part I: Introduction <br/>Chapter 1: Thinking Like an Economist <br/>Chapter 2: Comparative Advantage <br/>Chapter 3: Supply and Demand<br/> <br/>Part II. Competition and the Invisible Hand <br/>Chapter 4: Elasticity <br/>Chapter 5: Demand<br/>Chapter 6: Perfectly Competitive Supply<br/>Chapter 7: Efficiency and Exchange<br/>Chapter 8:The Invisible Hand in Action<br/> <br/>Part III. Market Imperfections <br/>Chapter 9: Monopoly, Oligopoly and Monopolistic Competition<br/>Chapter 10: Games and Strategic Behavior<br/>Chapter 11: Externalities and Property Rights<br/>Chapter 12: The Economics of Information<br/> <br/>Part IV. Economics of Public Policy<br/>Chapter 13: Labor Markets, Poverty and Income Distribution<br/>Chapter 14: The Environment, Health and Safety<br/>Chapter 15: Public Goods and Tax Policy<br/><br/>Part V. Macroeconomics: Data and Issues<br/>Chapter 16. Spending, Income and GDP <br/>Chapter 17: Inflation and the Price Level <br/>Chapter 18: Wages and Unemployment<br/><br/>Part VI. The Economy in the Long Run <br/>Chapter 19: Economic Growth<br/>Chapter 20: Saving, Capital Formation and Financial Markets<br/>Chapter 21: The Financial System, Money and Prices<br/><br/>Part VII. The Economy in the Short Run <br/>Chapter 22: Short-Term Fluctuations <br/>Chapter 23: Spending and Output in the Short Run<br/>Chapter 24: Stabilizing the Economy: The Role of the Federal Reserve <br/>Chapter 25: Aggregate Demand and Aggregate Supply<br/>Chapter 26: Macroeconomic Policy <br/><br/>Part VIII. The International Economy <br/>Chapter 27: Exchange Rates and the Open Economy<br/>Chapter 28: International Trade and Capital Flows
650 #0 - SUBJECTS
Topical Term Economics.
700 1# - OTHER AUTHORS
Personal name Bernanke, Ben.
942 ## - ADDED ENTRY ELEMENTS (KOHA)
Koha item type Books
Holdings
Withdrawn status Lost status Home library Current library Shelving location Date acquired Full call number Accession Number Copy number Koha item type
    Methodist University Library Tema Methodist University Library Tema General Stacks 07/08/2009 HB171.5 .F734 29211 1 Books
    Methodist University Library Tema Methodist University Library Tema General Stacks 07/08/2009 HB171.5 .F734 20210 2 Books
Copyright © 2026  MUG Library